Normal view
MARC view
- MS-COMPUTER ENGINEERING-2017
Entry Topical Term
001 - CONTROL NUMBER
- control field: 73132
003 - CONTROL NUMBER IDENTIFIER
- control field: NUST
005 - DATE AND TIME OF LATEST TRANSACTION
- control field: 20210628204955.0
008 - FIXED-LENGTH DATA ELEMENTS
- fixed length control field: 210628|| aca||aabn | a|a d
040 ## - CATALOGING SOURCE
- Original cataloging agency: NUST
- Transcribing agency: NUST
150 ## - HEADING--TOPICAL TERM
- Topical term or geographic name entry element: MS-COMPUTER ENGINEERING-2017
670 ## - SOURCE DATA FOUND
- Source citation: Work cat.: (NUST): Iqra Suleman 73131, TH-SOF-1750-Convolutional Neural Network Based Monocular Depth Estimation, 2020
